000 00482nam a2200193Ia 4500
003 GCL
008 140319s9999 xx 000 0 ara d
040 _aGCL /
_cGCL
082 0 4 _a813.03
_bن م
100 1 _aنجيب محفوظ
245 1 0 _aالمرايا /
_cنجيب محفوظ
300 _a413 ص
490 _a
650 0 4 _aالادب العربى
650 0 4 _aالقصص العربية
650 0 4 _aالادب
650 0 4 _aنجيب محفوظ
942 _2ddc
_cBK
999 _c38331
_d38331